Statistiques concernant Culture Générale - Série 584

Cliquez ici pour prendre le quiz!

Statistiques générales

  • Ce quiz a été pris 253 fois
  • Le résultat moyen est 6 sur 10

Statistiques - réponses

QuestionRéponse% Correct
D'après la locution populaire, quels organes ne sont pas en face des trous quand on n'a pas assez dormi ?yeux
99%
Quel nom d'animal de la basse-cour donne-t-on familièrement à un journal ?canard
89%
Le nom complet de l'église inachevée d'Antonio Gaudi à Barcelone est la Sagrada...Familia
88%
Qui était président des États-Unis de 1993 à 2001 ?Bill Clinton
78%
En informatique, combien faut-il de bits pour faire un octet ?8
63%
Quel était le prénom du commandant Cousteau ?Jacques-Yves
61%
En 1979, quelle résidence privée des présidents américains donne son nom à des accords de paix israélo-égyptiens ?Camp David
46%
Grâce à quel arbre, parfois nommé marronnier cultivé, peut-on déguster des marrons glacés ?châtaignier
46%
Quel cycliste remporte le Tour de France en 1983 et en 1984 ?Laurent Fignon
33%
Quelle actrice a reçu l'Oscar du meilleur second rôle féminin, pour son interprétation dans le film : "Kramer contre Kramer" ?Meryl Streep
29%

Distribution des résultats

Percentile par nombre de réponses

% des personnes avec chaque résultat

Votre développement - résultats

Vous n’avez pas pris ce quiz